000 00700nam a2200253Ia 4500
003 OSt
005 20220918223705.0
006 a|||||r|||| 00| 0
007 ta
008 220917b |||||||| |||| 00| 0 eng d
024 _a224,776
037 _cTextual
040 _aARTS
_cARTS
_beng
041 _2eng
_aeng
082 _aV3.Ng, P3
100 _aWrigley Chris Ed.
_9127954
245 0 _aCompanion to early twentieth - century Britain
260 _aUSA
_bBlackwell Publishing
_c2003
300 _axx, 578p.
_ccm.
490 _aBlackwell companions to British history
650 _aHISTORY
942 _hV3.Ng, P3
_cTEXL
_2CC
999 _c279211
_d279211